Does crime still pay?: criminal asset recovery in the EU : survey of statistical information 2010-2014
| Autor Corporativo: | |
|---|---|
| Tipo de documento: | Electrónico Libro |
| Lenguaje: | Inglés |
| Publicado: |
[Den Haag]
Europol
2016
|
| En: | Año: 2016 |
| Acceso en línea: |
Volltext (kostenfrei) Volltext (kostenfrei) Volltext (kostenfrei) |
| Verificar disponibilidad: | HBZ Gateway |
| Palabras clave: |
MARC
| LEADER | 00000cam a2200000 c 4500 | ||
|---|---|---|---|
| 001 | 169848318X | ||
| 003 | DE-627 | ||
| 005 | 20240510202850.0 | ||
| 007 | cr uuu---uuuuu | ||
| 008 | 200518s2016 xx |||||o 00| ||eng c | ||
| 024 | 7 | |a urn:nbn:de:bsz:21-dspace-875038 |2 urn | |
| 024 | 7 | |a 10.15496/publikation-28889 |2 doi | |
| 024 | 7 | |a 10900/87503 |2 hdl | |
| 035 | |a (DE-627)169848318X | ||
| 035 | |a (DE-599)KXP169848318X | ||
| 035 | |a (OCoLC)1184747756 | ||
| 040 | |a DE-627 |b ger |c DE-627 |e rda | ||
| 041 | |a eng | ||
| 082 | 0 | 4 | |a 360; 340 |
| 084 | |a 2,1 |2 ssgn | ||
| 110 | 2 | |a Europol |e VerfasserIn |0 (DE-588)10028615-X |0 (DE-627)335250114 |0 (DE-576)198833474 |4 aut | |
| 245 | 1 | 0 | |a Does crime still pay? |b criminal asset recovery in the EU : survey of statistical information 2010-2014 |c Europol |
| 264 | 1 | |a [Den Haag] |b Europol |c 2016 | |
| 300 | |a 1 Online-Ressource (16 Seiten) | ||
| 336 | |a Text |b txt |2 rdacontent | ||
| 337 | |a Computermedien |b c |2 rdamedia | ||
| 338 | |a Online-Ressource |b cr |2 rdacarrier | ||
| 583 | 1 | |a Archivierung/Langzeitarchivierung gewährleistet |f SSG |x XA-DE-BW |2 pdager |5 DE-21 | |
| 610 | 2 | 7 | |0 (DE-588)5098525-5 |0 (DE-627)132918269 |0 (DE-576)194702391 |a Europäische Union |2 gnd |
| 650 | 0 | 7 | |0 (DE-588)4033178-7 |0 (DE-627)10458503X |0 (DE-576)209000511 |a Kriminalität |2 gnd |
| 856 | 4 | 0 | |u http://nbn-resolving.de/urn:nbn:de:bsz:21-dspace-875038 |q application/pdf |x Resolving-System |z kostenfrei |3 Volltext |7 0 |
| 856 | 4 | 0 | |u https://doi.org/10.15496/publikation-28889 |x Resolving-System |z kostenfrei |3 Volltext |7 0 |
| 856 | 4 | 0 | |u http://hdl.handle.net/10900/87503 |x Resolving-System |z kostenfrei |3 Volltext |7 0 |
| 951 | |a BO | ||
| ELC | |a 1 | ||
| LOK | |0 000 xxxxxcx a22 zn 4500 | ||
| LOK | |0 001 3668259879 | ||
| LOK | |0 003 DE-627 | ||
| LOK | |0 004 169848318X | ||
| LOK | |0 005 20200518133540 | ||
| LOK | |0 008 200518||||||||||||||||ger||||||| | ||
| LOK | |0 040 |a DE-21 |c DE-627 |d DE-21 | ||
| LOK | |0 852 |a DE-21 | ||
| LOK | |0 852 1 |9 00 | ||
| LOK | |0 866 |x Download, Universitätsbibliothek Tübingen, 2018 | ||
| LOK | |0 935 |a opus |a krim | ||
| LOK | |0 939 |a 18-05-20 |b l01 | ||
| OAS | |a 1 | ||
| ORI | |a SA-MARC-krimdoka001.raw | ||
